American City Namesakes - Statistics

General Stats
  • This quiz has been taken 19 times
  • The average score is 15 of 20
Answer Stats
Origin City % Correct
Francisco Fernández de la Cueva, 10th Duke of Alburquerque Albuquerque
100%
Amarillo Lake Amarillo
100%
The anchorage of Ship Creek Anchorage
100%
Arlington House Arlington
100%
Stephen F. Austin Austin
100%
Cecil Calvert, 2nd Baron Baltimore Baltimore
100%
Frederick H. Billings Billings
100%
Buffalo Creek Buffalo
100%
Charles II Charleston
100%
Cheyenne people Cheyenne
100%
French rendering of Miami word "Šikaakonki" Chicago
100%
George Rogers Clark Clarksville
100%
Mineral springs near Monument Creek Colorado Springs
100%
Christopher Columbus Columbus
100%
Body of Christ Corpus Christi
100%
George M. Dallas Dallas
100%
James W. Denver Denver
100%
Des Moines River Des Moines
100%
Bartlett S. Durham Durham
100%
Mobile people Mobile
100%
Spanish phrase "El Paso del Norte" El Paso
100%
Lake Erie Erie
100%
Eugene Franklin Skinner Eugene
100%
William O. Collins Fort Collins
100%
William J. Worth Fort Worth
100%
The natural harbor of Oahu Honolulu
100%
Sam Houston Houston
100%
Henry Knox Knoxville
100%
John Lansing Lansing
100%
Laredo, Spain Laredo
100%
Abraham Lincoln Lincoln
100%
The long beaches near Willmore Long Beach
100%
Our Lady, Queen of the Angels Los Angeles
100%
Louis XVI Louisville
100%
Thomas Saltus Lubbock Lubbock
100%
James Madison Madison
100%
Memphis, Egypt Memphis
100%
Mesa Lehi, Arizona was founded on Mesa
100%
Miami River Miami
100%
Newark-on-Trent, England Newark
100%
French name "La Nouvelle-Orléans" New Orleans
100%
Duke of York New York
100%
Norfolk, England Norfolk
100%
Choctaw words "okla" and "humma" Oklahoma City
100%
Omaha people Omaha
100%
Orlando Reeves Orlando
100%
Greek words "phílos" and "adelphós" Philadelphia
100%
Isle of Portland Portland
100%
God's merciful Providence Providence
100%
Sir Walter Raleigh Raleigh
100%
Richmond upon Thames, England Richmond
100%
Nathaniel Rochester Rochester
100%
San Bernardino de Sena Estancia San Bernardino
100%
Savannah River Savannah
100%
Spokane people Spokane
100%
St. Paul the Apostle St. Paul
100%
Siracusa, Italy Syracuse
100%
Waco people Waco
100%
George Washington Washington, D.C.
100%
Wichita people Wichita
100%
Moses Cleaveland Cleveland
80%
William Fargo Fargo
80%
Princess Augusta of Saxe-Gotha Augusta
75%
Detroit River Detroit
75%
Flint River Flint
75%
William Pitt Pittsburgh
75%
Great Salt Lake Salt Lake City
75%
St. Francis of Assisi San Francisco
75%
Thomas Baker Bakersfield
67%
French phrase "le bâton rouge" Baton Rouge
67%
Society of the Cincinnati Cincinnati
67%
The abundant ash trees along the Sacramento River Fresno
67%
John Hunt Huntsville
67%
State of Indiana and suffix "-polis" Indianapolis
67%
Francis Cabot Lowell Lowell
67%
Richard Montgomery Montgomery
67%
Location beside the Santa Ana River Riverside
67%
Waterfall of the Big Sioux River Sioux Falls
67%
Virginia and location on coastline Virginia Beach
67%
Spanish word "Ana" and German word "heim" Anaheim
60%
Anthony Wayne Fort Wayne
60%
Duke of Albany Albany
50%
John Alexander Alexandria
50%
Gilbert du Motier, Marquis de Lafayette Fayetteville
50%
Nathanael Greene Greensboro
50%
Hertford, England Hartford
50%
Andrew Jackson Jacksonville
50%
Thomas Jefferson Jefferson City
50%
Lord Lexington Lexington
50%
Francis Nash Nashville
50%
Oak forests near the San Francisco Bay Oakland
50%
Calusa word "Tanpa" Tampa
50%
Kansa-Osage word "topeka" Topeka
50%
French phrase "Les bois" Boise
40%
Western and Atlantic Railroad Atlanta
33%
Roman goddess of dawn Aurora
33%
A drawbridge over the Pequonnock River Bridgeport
33%
Muscogee word "Haiyakpo" Hialeah
33%
Southernmost bend of the St. Joseph River South Bend
33%
Jonkheer Adriaen van der Donck Yonkers
33%
Saint Didacus of Alcalá San Diego
25%
Greek word "ákron" Akron
0%
Boston, England Boston
0%
Fort Brown Brownsville
0%
Charlotte of Mecklenburg-Strelitz Charlotte
0%
Muskogean word "cvto" Chattanooga
0%
Daniel Greysolon, Sieur du Lhut Duluth
0%
Grand River Grand Rapids
0%
Kansas River Kansas City
0%
Fertile lowlands Las Vegas
0%
Central location between Fort Worth and El Paso Midland
0%
Potawatomi word "mahn-ah-wauk" Milwaukee
0%
Dakota word "mni" and suffix "-polis" Minneapolis
0%
Jesse L. Reno Reno
0%
Sacrament of the Holy Eucharist Sacramento
0%
Hebrew word "Shalom" Salem
0%
Sam Houston San Antonio
0%
St. Joseph San Jose
0%
Chief Seattle Seattle
0%
Louis IX of France St. Louis
0%
Tahoma (Mount Rainier) Tacoma
0%
Large areas of clear land inhabited by the Apalachee Tallahassee
0%
O'odham phrase "Cuk Ṣon" Tucson
0%
Tvlahasse/Tullahassee Tulsa
0%
Joseph Winston and the Hebrew word "Shalom" Winston-Salem
0%
No matching quizzes found
Score Distribution
Percent of People with Each Score
Percentile by Number Answered
Your Score History
You have not taken this quiz